Countries Most Similar To Romania - Statistics

General Stats
  • This quiz has been taken 167 times
  • The average score is 15 of 20
Answer Stats
Rank Country Score % Correct
1 Moldova 80.9
97%
2 Bulgaria 79.8
95%
4 Serbia 78
93%
7 Hungary 76.5
87%
5 Slovakia 77.2
87%
12 Ukraine 74.3
86%
19 Greece 71.3
85%
3 Poland 78.2
85%
9 Italy 74.7
84%
6 Croatia 76.9
80%
8 Slovenia 74.8
79%
14 Spain 73.6
76%
13 France 74.3
72%
15 Montenegro 73
68%
10 North Macedonia 74.6
67%
11 Czechia 74.6
66%
17 Portugal 72.6
65%
16 Bosnia and Herzegovina 72.9
63%
18 Lithuania 72
44%
20 Belgium 70.9
28%
No matching quizzes found
Score Distribution
Percent of People with Each Score
Percentile by Number Answered
Your Score History
You have not taken this quiz